Prehľad platných právnych predpisov od 9.5.1945 v Slovenskej republike aktuálny stav k 30.6.2002

Bibliographic Details
Main Author: Púchovská, Edita (Author)
Corporate Author: Slovensko (Author)
Format: Book
Language:Slovak
PhysicalDescription:[408] strán 21 cm
Published: Žilina JKS 2002
ISBN:8096730614
Subjects:

MARC

LEADER 00000cam a2200000 a 4500
001 vtls001447646
003 SK-MaSNL
005 20260426004703.0
008 240226s2002 xo grfl 000 0 slo
015 |a SNBI2003/01-00516 
020 |a 8096730614 
035 |a SNK000402907 
035 |a 971E9634-8E1B-4073-9189-8DE1C8F36122 
035 |a urn:nbn:sk:snk-am00ih8x 
040 |a SNK  |b slo  |c SNK  |e AACR2 
041 0 |a slo 
043 |a e-xo--- 
044 |a xo  |c SK 
072 7 |a 34  |x Právo  |2 konspekt 
080 |a 340(437.6)(094)(083.8)  |2 1997 
080 |a 34  |2 2011 
080 |a (437.6)  |2 2011 
080 |a (048.8)  |2 2011 
080 |a (094.5)  |2 2011 
080 |a (094.58)  |2 2011 
080 |a (035)  |2 2011 
110 1 |a Slovensko  |4 aut  |9 266955 
245 1 0 |a Prehľad platných právnych predpisov od 9.5.1945 v Slovenskej republike  |b aktuálny stav k 30.6.2002  |c Edita Púchovská... [et al.] 
260 |a Žilina  |b JKS  |c 2002 
300 |a [408] strán  |c 21 cm 
500 |a Voľné listy zopnuté páskou 
648 7 |a 2002  |2 SNKPH  |9 299607 
650 0 7 |a právne predpisy  |2 SNKPH  |9 1155 
651 7 |a Slovensko  |2 SNKPHgeo  |9 14231 
655 7 |a zákony  |2 SNKPH  |9 70186 
655 7 |a vyhlášky  |2 SNKPH  |9 70671 
655 7 |a smernice  |2 SNKPH  |9 26899 
655 7 |a prehľady  |2 SNKPH  |9 70194 
655 7 |a príručky  |2 SNKPH  |9 74364 
700 1 |a Púchovská, Edita  |4 aut  |9 301262 
852 |a Slovenská národná knižnica 
919 |a 80-967306-1-4 
954 |a odborná, vedecká literatúra pôvodná (slovenská)  |2 lita 
958 |a TL 
958 |a OND 
999 |c 986983  |d 988913 
952 |a SNK  |b SNK  |y PREZ  |7 0  |p 17A0371124  |o snkSC 110385  |i snkKSP 596/2003  |0 0  |1 0  |4 0  |d 2003-01-14  |f 1  |l 0  |r 2025-09-30 00:00:00  |w 2026-02-24